Education in Asia and the Pacific; N26 Reviews, report and notes; 1989 - 1990
সংরক্ষণ করুন:
| বিন্যাস: | গ্রন্থ |
|---|---|
| ভাষা: | Undetermined |
| প্রকাশিত: |
Rome
UNESCO
1990
|
| বিষয়গুলি: | |
| ট্যাগগুলো: |
ট্যাগ যুক্ত করুন
কোনো ট্যাগ নেই, প্রথমজন হিসাবে ট্যাগ করুন!
|
| Thư viện lưu trữ: | Trung tâm Học liệu Trường Đại học Cần Thơ |
|---|
| LEADER | 00597nam a2200169Ia 4500 | ||
|---|---|---|---|
| 001 | CTU_34115 | ||
| 008 | 210402s9999 xx 000 0 und d | ||
| 082 | |a 378 | ||
| 082 | |b E24/N26 | ||
| 245 | 0 | |a Education in Asia and the Pacific; N26 | |
| 245 | 0 | |b Reviews, report and notes; 1989 - 1990 | |
| 260 | |a Rome | ||
| 260 | |b UNESCO | ||
| 260 | |c 1990 | ||
| 650 | |a equal education - asia/pacific,lifelong eduacation - asia/pacific,universal education - asia/pacific,universities and colleges | ||
| 904 | |i Nguyễn Quang Điền, 991125 | ||
| 980 | |a Trung tâm Học liệu Trường Đại học Cần Thơ | ||